Obálka Náhled e-knihy:
Epub
Pro půjčování e-knih musíte být přihlášeni.
Jak si půjčit online?

Anna, cesta ze Sudet /

Příběh o lásce, odvaze a ztrátách odhaluje křehkost lidských snů v době, kdy se svět nenávratně proměňuje. Anna Lesná dospívá ve světě, který se dramaticky mění. Z dívky poznamenané válečnými roky v Sudetech se stává mladá žena, jež se navzdory svému německému původu snaží vybojovat vlastní budoucno...

Celý popis

Uloženo v:
Hlavní autor: Blažková, Jitka (Autor)
Médium: E-kniha
Jazyk:Czech
Vydáno: Praha : Moravská Bastei MOBA, s.r.o., 2026
Tagy:
Žádné tagy
LEADER 01923nam a22002297i 4500
001 313801
007 ta
008 260618s2026 xr ||||| |||| 00| 0 cze d
020 |a 9788027926862 
044 |a xr 
100 1 |a  Blažková, Jitka  |4 aut 
245 1 0 |a Anna, cesta ze Sudet /  |c  Blažková, Jitka 
264 1 |a Praha :  |b Moravská Bastei MOBA, s.r.o.,  |c 2026 
300 |a 1 online zdroj (352 stran) 
336 |a text  |b txt  |2 rdacontent 
337 |a bez média  |b n  |2 rdamedia 
338 |a online zdroj  |b cr  |2 rdacarrier 
520 2 |a Příběh o lásce, odvaze a ztrátách odhaluje křehkost lidských snů v době, kdy se svět nenávratně proměňuje. Anna Lesná dospívá ve světě, který se dramaticky mění. Z dívky poznamenané válečnými roky v Sudetech se stává mladá žena, jež se navzdory svému německému původu snaží vybojovat vlastní budoucnost. Jenže do života jejího i jejích blízkých se neúprosně vkrádá nová hrozba – nástup komunismu. Povinné brigády, tlak na vstup do strany, šeptanda o politických procesech a trestech smrti. Každý krok může být osudový. A přesto Anna odmítá ustoupit a vzdát se svých snů, touží studovat keramickou školu, složit maturitu a najít lásku. Na pozadí proměňující se společnosti se odvíjí i další osudy – Lída Čechová prožívá hluboký cit ke studentovi techniky Miroslavovi, jenž se netají odporem k nastupujícímu režimu. Stačí však jediný čin a jeho život se ocitá v rukou moci, která neodpouští. 
910 |a RBIT002 
998 |d 427761  |a https://core.palmknihy.cz/api/books/427761/cover?tgglgt  |b https://core.palmknihy.cz/api/books/427761/cover/400?tgglgt  |c https://core.palmknihy.cz/api/books/427761/cover/50?tgglgt  |e 2031-09-05  |g 352  |i 9788027926862  |j https://core.palmknihy.cz/api/books/427761/preview.epub  |l   |q 49  |r 1  |s https://www.palmknihy.cz/kniha/427761  |t ebook  |y 2026  |z 1 
999 |d 313799